| 000 | 01495cam a2200337 a 4500 | ||
|---|---|---|---|
| 001 | rc 01002720 | ||
| 003 | DLC | ||
| 005 | 20260227111907.0 | ||
| 008 | 911127s1882 nyu 001 0 eng | ||
| 010 | _arc 01002720 | ||
| 040 |
_aDLC _cDLC _dDLC |
||
| 041 | 1 |
_aeng _aspa _hspa |
|
| 043 |
_an-ust-- _an-usm-- |
||
| 050 | 0 | 0 |
_aF799 _b.F89 |
| 051 | _aThacher A714 | ||
| 100 | 1 | _aFreytas, Nicolás de. | |
| 240 | 1 | 0 |
_aRelación del descubrimiento del país y ciudad de Quivira. _lEnglish & Spanish |
| 245 | 1 | 4 |
_aThe expedition of Don Diego Dionisio de Peñalosa, governor of New Mexico, from Santa Fé to the river Mischipi and Quivira in 1662 / _cas described by Father Nicholas de Freytas ; with an account of Peñalosa's projects to aid the French to conquer the mining country in northern Mexico, and his connection with cavelier de la Salle by John Gilmary Shea. |
| 260 |
_aNew York : _bJ.G. Shea, _c1882. |
||
| 300 |
_a101 p. ; _c26 cm. |
||
| 510 | 4 |
_aThacher, _cII, p. 17 (Americana) |
|
| 500 | _aIncludes index. | ||
| 530 | _aAlso available in digital form on the Internet Archive Web site. | ||
| 650 | 0 | _aQuivira (Legendary place) | |
| 600 | 1 | 0 |
_aPeñalosa, Diego Dionisio de, _d1624-1687. |
| 651 | 0 |
_aAmerica _xDiscovery and exploration _xSpanish. |
|
| 651 | 0 |
_aMississippi River Valley _xHistory. |
|
| 700 | 1 |
_aShea, John Gilmary, _d1824-1892. |
|
| 710 | 2 |
_aJohn Boyd Thacher Collection (Library of Congress) _5DLC |
|
| 856 | 4 | 1 | _uhttp://hdl.loc.gov/loc.gdc/scd0001.00170631766 |
| 999 |
_c52380 _d52380 |
||